LEADER 01174nam a2200217 4500 001 000000342329 003 CaOOAMICUS 005 20230901091740.0 008 200928s1813 it d 000 u ita r 026 $aF.3. e.be alr- chMo (3) 1813 (A) 040 $aSeMil$bita 100 11$aFormiggini, Luigi Raffaele.$0(OLS)http://semarc/name/112213 245 00$a1: A-C. 264 1$aMilano :$bDai tipi di Gioanni Bernardoni, a S. Marcellino n. 1799,$c1813. 300 $aXVI, 438, [2] p. ;$c8° 773 0 $aFormiggini, Luigi Raffaele$tNuovo dizionario geografico, topografico, storico, statistico e commerciale. Compilato e portato a molto maggior estensione di qualunque altro simile Dizionario italiano da L. R. F. In quattro volumi distribuito. Tomo 1. [-4.].$dMilano : Dai tipi di Gioanni Bernardoni, a S. Marcellino n. 1799, 1813-1814.$g1$w()342328 850 $aSeMil 852 $aSeMil$W1$xVenegono$y1$m3XF I 12 FA$j243325$B233301$CSeMilBibl$Z2$F233301 $8I 996 $6245$a1: A-C$9(OLS)http://semarc/title/139210 996 $6264$aMilano :$bDai tipi di Gioanni Bernardoni, a S. Marcellino n. 1799$9(OLS)http://semarc/publisher/59329 LEADER 00710nam a2200169 i 4500 001 000000047752 003 CaOOAMICUS 005 20141103000000.0 008 141103s1857 xx u000 u lat u 013 $a18922 040 $aSeMil$bita 245 10$aTomus 1. 300 $aLXIV, 711 p. 773 0 $aPetau, Denys $tDionysii Petavii Aurelianensis e Societate Jesu opus de theologicis dogmatibus expolitum et auctum collatis studiis Car. Passaglia et Clem. Schrader.$dRomae : Typis S. Congregationis de Propaganda Fide, 1857.$g1$w()27450 850 $aSeMil 852 $aSeMil$W1$xVenegono$y1$m2C VIII 11 FA$j13907$B13907$CSeMilBibl$Z2$F13907 $8I 996 $6245$aTomus 1$9(OLS)http://semarc/title/47282